Financial management: An analytical and conceptual approach (Record no. 165383)

MARC details
000 -LEADER
fixed length control field 00427nam a2200157Ia 4500
008 - FIXED-LENGTH DATA ELEMENTS--GENERAL INFORMATION
fixed length control field 230917s9999||||xx |||||||||||||| ||und||
040 ## - CATALOGING SOURCE
-- 69888
Original cataloging agency VIVEKANANDA LIBRARY
041 ## - Language
-- English
082 ## - DDC NUMBER
Classification number 658.15 K952F
100 ## - MAIN ENTRY--PERSONAL NAME
Personal name Kuchhal, S C
245 #0 - TITLE STATEMENT
Title Financial management: An analytical and conceptual approach
250 ## - EDITION STATEMENT
Edition statement 4th ed.
260 ## - PUBLICATION, DISTRIBUTION, ETC. (IMPRINT)
Place of publication, distribution, etc Allahabad
Name of publisher, distributor, etc Chaitanya Publishing House
Date of publication, distribution, etc 1976
300 ## - PHYSICAL DESCRIPTION
Pages xvi, 620 p.
942 ## - ADDED ENTRY ELEMENTS (KOHA)
Koha item type Books
Holdings
Withdrawn status Lost status Damaged status Not for loan Location (home branch) Sublocation or collection (holding branch) Date acquired Koha issues (times borrowed) Koha full call number Accession No. Koha date last seen Koha item type Source of classification or shelving scheme
        VIVEKANANDA LIBRARY VIVEKANANDA LIBRARY 30/01/2003   658.15 K952F 30449 17/09/2023 Books  
        VIVEKANANDA LIBRARY VIVEKANANDA LIBRARY 30/01/2003   658.15 K952F BB148 17/09/2023 Books  
Withdrawn   Damaged   VIVEKANANDA LIBRARY VIVEKANANDA LIBRARY 30/01/2003   658.15 K952F BB150 17/09/2023 Books Dewey Decimal Classification
© Designed and Maintained by Vivekananda Library, MDU Rohtak